Chemosvit krok od finále 1. liga basketbalistov - druhé zápasy semifinále a o 5.-8. miesto play-off: Lučenec zdolal Nitru pod jej košmi

Bibliographic Details
Format: Article
Language:Slovak
PhysicalDescription:Fotogr.
ISSN:0139-7001
Subjects:

MARC

LEADER 00000nab a2200000 a 4500
001 vtls000834250
003 SK-MaSNL
005 20260302163334.0
008 180206c2003 xo 0 slo
015 |a SNBRB2003/05-14367 
035 |a CLN000185905 
040 |a SNKBUCL  |b slo  |c SNKBUCL  |e AACR2 
041 0 |a slo 
044 |a xo  |c SK 
080 |a 796.323.093.1  |2 UDC-MRF-SK2 
245 0 0 |a Chemosvit krok od finále  |b 1. liga basketbalistov - druhé zápasy semifinále a o 5.-8. miesto play-off: Lučenec zdolal Nitru pod jej košmi 
300 |b Fotogr. 
650 0 7 |a basketbal  |x muži  |x liga 1.  |x semifinále  |y sezóna 2002/2003  |2 snkbucl  |9 864500 
655 7 |a články z novín a časopisov  |2 snkbucl  |9 267496 
773 0 |x 0139-7001  |t Šport  |g Roč. 57, č. 92 (22.4.2003), s. 29 
850 |a Slovenská národná knižnica v Martine 
852 |a SNK  |b KIS3GCP 
958 |a RBX 
999 |c 1383021  |d 1384951